000 00311nam a2200145Ia 4500
100 _aTamres/Louise
942 _cBK
654 _asoftware testing
245 _aIntroducing Software testing
260 _bPearson Education
_c2002
082 _a5.15
_bTAM
300 _a281
546 _aENGLISH
999 _c27866
_d27866